Flags of the World in 1936 - Statistics

General Stats
  • This quiz has been taken 384 times
  • The average score is 58 of 74
Answer Stats
Picture Answer % Correct
Denmark
99%
Finland
99%
Norway
99%
Sweden
99%
Iceland
97%
Albania
92%
Germany
92%
Greece
91%
Soviet Union
90%
Turkey
88%
Switzerland
87%
Austria
86%
Latvia
86%
Argentina
85%
Netherlands
85%
Luxembourg
84%
United States
84%
Australia
83%
Estonia
83%
United Kingdom
83%
Dominican Republic
82%
New Zealand
82%
Colombia
81%
France
81%
Hungary
81%
Lithuania
81%
Bulgaria
80%
Cuba
80%
Siam
80%
Spain
80%
Brazil
79%
Ireland
79%
Liberia
79%
South Africa
79%
Venezuela
79%
Belgium
78%
China
78%
Uruguay
78%
Chile
77%
Italy
77%
Mexico
77%
Romania
77%
Saudi Arabia
77%
Yugoslavia
77%
Honduras
76%
Afghanistan
75%
Czechoslovakia
75%
Ethiopia
75%
Iran
75%
Japan
75%
Portugal
75%
Paraguay
74%
Peru
74%
Poland
74%
Ecuador
73%
Mongolia
73%
Canada
72%
Nepal
72%
Andorra
70%
Costa Rica
70%
El Salvador
70%
Nicaragua
70%
Vatican City
70%
Panama
69%
San Marino
68%
Monaco
66%
Haiti
65%
Iraq
65%
Bolivia
64%
Guatemala
64%
Yemen
61%
Liechtenstein
58%
Danzig
57%
Egypt
53%
No matching quizzes found
Score Distribution
Percent of People with Each Score
Percentile by Number Answered
Your Score History
You have not taken this quiz